Normal view
MARC view
- Lodge, David,
Entry Nombre Personal
001 - NUMERO DE CONTROL
- campo de control: 32461
003 - IDENTIFICADOR DE NUMERO DE CONTROL
- campo de control: UPN
005 - FECHA Y HORA DE LA ÜLTIMA TRANSACCIÓN
- campo de control: 20210219194433.0
008 - DATOS DE LONGITUD FIJA
- campo de control de longitud fija: nabaccnnaabn|||||||||| b |nc|||||d
035 ## - NUMERO DE CONTROL
- Número de control: UPN11000004568
040 ## - FUENTE DE CATALOGACIÓN
- Lenguaje de catalogación: SPA
- Agencia de transcripción: UPN
053 #4 - NÚMERO DE CLASIFICACIÓN LC
- Número de clasificación elemento-número único o número inicial de tramo: PR6062 O3.6
100 1# - ENCABEZAMIENTO - NOMBRE PERSONAL
- Nombre personal: Lodge, David,
- Fechas asociadas con el nombre: 1935-
670 ## - FUENTE EN LA QUE SE LOCALIZARON DATOS
- Cita de la fuente: LC
680 ## - NOTA PUBLICA DE ACCESO PÚBLICO
- Frase explicativa de la referencia: Escritor y crítico literario inglés
902 ## - CATALOGADOR
- Catalogador: BDV/230812
